00493nam a2200157 a 450000500170000000800410001702000180005805000260007610000180010224500540012026000350017430000090020944000330021852000720025165000120032320140412111422.0080122s19uu xx 00 eng d a983-187-226-6 aTR(GS 428.4bM11 2006 aMah, May S.M. aWhat does charlie the chimp see? /cMay S.M. Mah. aMalaysia :bRhythm pub,c2006. a24p. aPhonics in reading: Series 2 aIntroduces words beginning with consonant diagraphs SH, CH, TH, WH. aPhonics